| 000 | 00634nam a22001817a 4500 | ||
|---|---|---|---|
| 003 | LC | ||
| 005 | 20160611085513.0 | ||
| 008 | 131002t xxu||||| |||| 00| 0 eng d | ||
| 020 | _a9781416602149 | ||
| 050 |
_aLB 1031 _b.C734 2005 |
||
| 082 |
_aTR 371.2 _b.C73 2005 |
||
| 245 |
_aThe common sense of differentiation : meeting specific learner needs in the regular classroom _bfacilitator's guide / _cASCD |
||
| 260 |
_aAlexandria, Va : _bAssociation for Supervision and Curriculum Development, _cc2005. |
||
| 300 |
_a215 p. : _c28.5 cm. |
||
| 650 |
_a Curriculum _xStudy and teaching. _922760 |
||
| 942 |
_2lcc _cBK |
||
| 999 |
_c12641 _d12641 |
||